000 01408nam a22002297a 4500
999 _c58939
_d58939
003 Ge_BSU
005 20221021123939.0
008 221021s2006 ge ||||| |||| 00| 0 geo d
020 _a9994027794
041 _ageo
080 _a27-36 წ-71
245 _aწმიდათა ცხოვრებანი :
_bწ. 1, იანვარი-ივნისი /
_c[წიგნის შედგენაზე მუშაობდნენ: დეკანოზი ზაქარია მაჩიტაძე, მანანა ბუკია, მაკა ბულია ; დაიბეჭდა... საქ. კათოლიკოს-პატრიარქის ილია II-ის ლოცვა-კურთხევით]
250 _aმე-3 გამოცემა
300 _a551 გვ.;
_b29 სმ.
500 _aდაიბეჭდა... საქ. კათოლიკოს-პატრიარქის ილია II-ის ლოცვა-კურთხევით
653 _aრელიგია
653 _aქრისტიანობა
700 _aმაჩიტაძე, ზაქარია
_eშემდგენელი
_915442
700 _aბუკია, მანანა
_eშემდგენელი
_915443
700 _aბულია, მაკა
_eშემდგენელი
_915444
942 _2udc
_cBK